[Event "Berlin Werner Ott op"]
[Site "Berlin"]
[Date "2022.07.16"]
[Round "8"]
[White "Ziese, Gerhard"]
[Black "Rose, Luis Stratos"]
[Result "0-1"]
[WhiteElo "1851"]
[BlackElo "1597"]
[PlyCount "84"]
[EventDate "2022.07.09"]
[EventType "swiss"]
[EventRounds "9"]
[EventCountry "GER"]
[SourceTitle "CBM 209 Extra"]
[Source "ChessBase"]
[SourceDate "2022.09.30"]
[SourceVersion "1"]
[SourceVersionDate "2022.09.30"]
[SourceQuality "1"]

1. e4 d6 2. d4 g6 3. Be3 Bg7 4. Nc3 a6 5. f4 c6 6. Nf3 d5 7. e5 h5 8. Bd3 Nh6 9. Qe2 Bf5 10. 0-0 e6 11. Kh1 Nd7 12. Rad1 Rc8 13. a3 c5 14. dxc5 Nxc5 15. Bxf5 Nxf5 16. Bc1 h4 17. Kg1 Qb6 18. Qf2 Bf8 19. b4 a5 20. Be3 axb4 21. Na4 Qb5 22. Nxc5 Rxc5 23. Nd4 Nxd4 24. Bxd4 bxa3 25. Rb1 Qc6 26. c3 Rb5 27. Qe2 Rxb1 28. Rxb1 Bc5 29. Qb5 Bxd4+ 30. cxd4 0-0 31. Qxb7 Qxb7 32. Rxb7 Ra8 33. Rb1 a2 34. Ra1 Ra3 35. Kf2 Kg7 36. g4 hxg3+ 37. hxg3 g5 38. Kg2 Kg6 39. fxg5 Kxg5 40. Kh3 Kh5 41. Kg2 Kg4 42. Kh2 Kf3 0-1

[Event "Berlin Werner Ott op"]
[Site "Berlin"]
[Date "2022.07.14"]
[Round "6"]
[White "Ziese, Gerhard"]
[Black "Rosefeldt, Luis"]
[Result "1-0"]
[WhiteElo "1851"]
[BlackElo "1243"]
[PlyCount "75"]
[EventDate "2022.07.09"]
[EventType "swiss"]
[EventRounds "9"]
[EventCountry "GER"]
[SourceTitle "CBM 209 Extra"]
[Source "ChessBase"]
[SourceDate "2022.09.30"]
[SourceVersion "1"]
[SourceVersionDate "2022.09.30"]
[SourceQuality "1"]

1. c4 e6 2. g3 d5 3. Bg2 Nf6 4. d4 dxc4 5. Qa4+ Nbd7 6. Qxc4 c5 7. Nf3 Rb8 8. Bf4 b5 9. Qc2 Rb6 10. e4 Bb7 11. Nbd2 cxd4 12. 0-0 Nh5 13. Qc7 Nxf4 14. Qxd8+ Kxd8 15. gxf4 Bd6 16. e5 Bb8 17. Nxd4 Bxg2 18. Kxg2 Ke7 19. Rac1 f6 20. Nc6+ Kf7 21. Nxb8 Rhxb8 22. Rc7 R6b7 23. Rfc1 Ke7 24. Ne4 Kd8 25. Rxb7 Rxb7 26. Nd6 Rb8 27. Rc6 Nb6 28. Nxb5 Nd5 29. a4 Rb6 30. Rxb6 axb6 31. Kf3 Kd7 32. Nd4 Ne7 33. Ke4 Nd5 34. f5 Nc7 35. fxe6+ Ke7 36. f4 g6 37. f5 g5 38. Nc6+ 1-0

[Event "Berlin Werner Ott op"]
[Site "Berlin"]
[Date "2022.07.11"]
[Round "3"]
[White "Orozco Rodriguez, Henry David"]
[Black "Ziese, Gerhard"]
[Result "0-1"]
[WhiteElo "1515"]
[BlackElo "1851"]
[PlyCount "76"]
[EventDate "2022.07.09"]
[EventType "swiss"]
[EventRounds "9"]
[EventCountry "GER"]
[SourceTitle "CBM 209 Extra"]
[Source "ChessBase"]
[SourceDate "2022.09.30"]
[SourceVersion "1"]
[SourceVersionDate "2022.09.30"]
[SourceQuality "1"]

1. d4 Nf6 2. Nf3 g6 3. Nc3 Bg7 4. e4 d6 5. h3 0-0 6. Be3 Nbd7 7. Qd2 e5 8. Bh6 exd4 9. Nxd4 Re8 10. f3 Nxe4 11. Nxe4 Qh4+ 12. g3 Qxh6 13. Qxh6 Bxh6 14. Be2 Be3 15. c3 d5 16. Nf2 c6 17. Ng4 Bxd4 18. cxd4 h5 19. Nh2 Nf6 20. Nf1 Bf5 21. Kf2 Re7 22. Nd2 Rae8 23. Rae1 Kg7 24. Nb3 b6 25. Nc1 c5 26. dxc5 bxc5 27. Bd3 Rxe1 28. Rxe1 Rxe1 29. Kxe1 Bxh3 30. Bb5 Bd7 31. Ba6 Bc6 32. b3 d4 33. Kf2 g5 34. Nd3 Nd7 35. Bc8 Bb5 36. Nb2 Ne5 37. a4 Nd3+ 38. Nxd3 Bxd3 0-1

[Event "Reinstorf op"]
[Site "Reinstorf"]
[Date "2022.02.02"]
[Round "5"]
[White "Ziese, Gerhard"]
[Black "Chennaoui, Yasin"]
[Result "0-1"]
[WhiteElo "1876"]
[BlackElo "2123"]
[PlyCount "74"]
[EventDate "2022.01.29"]
[EventType "swiss"]
[EventRounds "9"]
[EventCountry "GER"]
[SourceTitle "CBM 206 Extra"]
[Source "ChessBase"]
[SourceDate "2022.03.31"]
[SourceVersion "1"]
[SourceVersionDate "2022.03.31"]
[SourceQuality "1"]

1. d4 d6 2. Nf3 Nd7 3. Bf4 Ngf6 4. c4 c6 5. Nc3 Qa5 6. e3 e5 7. Bg3 Ne4 8. Qc2 f5 9. Bd3 Nxg3 10. hxg3 e4 11. Bxe4 fxe4 12. Qxe4+ Kd8 13. 0-0-0 Nf6 14. Qc2 Kc7 15. e4 Be7 16. e5 dxe5 17. Nxe5 Bg4 18. f3 Bh5 19. g4 Bg6 20. Qd2 Bb4 21. Rhe1 Bxc3 22. bxc3 Qa3+ 23. Qb2 Qxb2+ 24. Kxb2 Nd7 25. f4 Rhf8 26. g3 Nxe5 27. dxe5 Rad8 28. Rd4 h5 29. f5 Be8 30. e6 Rxd4 31. cxd4 hxg4 32. Rf1 Kd6 33. Rf4 Bh5 34. Kc3 Rf6 35. Re4 Rxf5 36. e7 Be8 37. Rxg4 Rf7 0-1

[Event "Reinstorf op"]
[Site "Reinstorf"]
[Date "2022.02.01"]
[Round "4"]
[White "Neves, Carlos"]
[Black "Ziese, Gerhard"]
[Result "0-1"]
[WhiteElo "1538"]
[BlackElo "1876"]
[PlyCount "123"]
[EventDate "2022.01.29"]
[EventType "swiss"]
[EventRounds "9"]
[EventCountry "GER"]
[SourceTitle "CBM 206 Extra"]
[Source "ChessBase"]
[SourceDate "2022.03.31"]
[SourceVersion "1"]
[SourceVersionDate "2022.03.31"]
[SourceQuality "1"]

1. d4 Nf6 2. c4 c5 3. d5 b5 4. cxb5 a6 5. bxa6 g6 6. Nc3 Bg7 7. e4 0-0 8. e5 Ne8 9. h4 Bxe5 10. Nf3 Bf6 11. h5 Ng7 12. Bd3 Bxa6 13. hxg6 hxg6 14. Ng5 Qc7 15. Bxa6 Nxa6 16. Nge4 Bd4 17. d6 Qc6 18. dxe7 Rfe8 19. Nd5 Nf5 20. Qxd4 cxd4 21. Nef6+ Qxf6 22. Nxf6+ Kg7 23. Nxe8+ Rxe8 24. Bf4 Rxe7+ 25. Kd2 Nc5 26. f3 Ne6 27. Bh2 d5 28. b3 Rb7 29. g4 Ne7 30. Rac1 g5 31. Kd3 Ng6 32. Rc2 Kf6 33. Re1 Rb4 34. Rc6 Rb5 35. Bd6 Rb7 36. Bg3 Rb4 37. Kc2 Rb7 38. a4 Ra7 39. Kd3 Rb7 40. Kc2 d3+ 41. Kb2 Rb4 42. Rd1 Rd4 43. Kc3 Ngf4 44. Bxf4 Rxf4 45. Rxd3 Ke5 46. Rxe6+ fxe6 47. a5 Kd6 48. b4 Kc6 49. a6 Kb6 50. b5 Kxb5 51. a7 Ra4 52. a8Q Rxa8 53. Kd4 Rh8 54. Rb3+ Kc6 55. Ra3 Rh6 56. Rb3 Kd6 57. Rb6+ Kc7 58. Rb2 Kd6 59. Rb6+ Ke7 60. Ke5 Kd7 61. Kd4 e5+ 62. Kc5 0-1

[Event "Berlin Lichtenrade op 15th"]
[Site "Berlin"]
[Date "2019.10.15"]
[Round "4"]
[White "Ziese, Gerhard"]
[Black "Nohr, Jonas"]
[Result "0-1"]
[WhiteElo "1895"]
[BlackElo "2124"]
[PlyCount "36"]
[EventDate "2019.10.12"]
[EventType "swiss"]
[EventRounds "9"]
[EventCountry "GER"]
[SourceTitle "CBM 195 Extra"]
[Source "ChessBase"]
[SourceDate "2020.05.31"]
[SourceVersion "1"]
[SourceVersionDate "2020.05.31"]
[SourceQuality "1"]

1. e4 Nf6 2. e5 Nd5 3. d4 d6 4. c4 Nb6 5. f4 dxe5 6. fxe5 Nc6 7. Be3 Bf5 8. Nc3 e6 9. Nf3 Be7 10. Be2 0-0 11. 0-0 f6 12. Bf4 g5 13. exf6 Bxf6 14. Be5 g4 15. Bxf6 Qxf6 16. Ne5 Nxe5 17. dxe5 Qxe5 18. Bxg4 Rad8 0-1

[Event "Berlin Lichtenrade op 15th"]
[Site "Berlin"]
[Date "2019.10.14"]
[Round "3"]
[White "Ziese, Gerhard"]
[Black "Rettore, Ludwig"]
[Result "1-0"]
[WhiteElo "1895"]
[BlackElo "2068"]
[PlyCount "141"]
[EventDate "2019.10.12"]
[EventType "swiss"]
[EventRounds "9"]
[EventCountry "GER"]
[SourceTitle "CBM 195 Extra"]
[Source "ChessBase"]
[SourceDate "2020.05.31"]
[SourceVersion "1"]
[SourceVersionDate "2020.05.31"]
[SourceQuality "1"]

1. d4 f5 2. e4 fxe4 3. Nc3 Nf6 4. Bg5 Nc6 5. d5 Ne5 6. Qe2 Nf7 7. h4 c6 8. 0-0-0 Qa5 9. Bxf6 gxf6 10. Qxe4 Qc7 11. Nf3 Bh6+ 12. Kb1 Qf4 13. Qe2 Ne5 14. Nxe5 Qxe5 15. Qf3 c5 16. Bc4 d6 17. Rhe1 Qf5 18. Bb5+ Kd8 19. Qe2 Qe5 20. Qf1 Qh5 21. f3 a6 22. Qe2 Qf7 23. Bd3 f5 24. g4 f4 25. Ne4 Bg7 26. Ng5 Qf6 27. c3 h6 28. Nh7 Qe5 29. Qf2 Qxd5 30. Bc2 Qc6 31. Qe2 Qc7 32. Qe4 e5 33. Qg6 Qe7 34. Rxd6+ Kc7 35. Red1 a5 36. Ba4 Ra6 37. Rxa6 bxa6 38. Qc6+ Kb8 39. Bc2 Bb7 40. Rd7 Bxc6 41. Rxe7 Bf8 42. Rxe5 Bd6 43. Re6 Kc7 44. Nf6 Bxf3 45. Be4 Bxe4+ 46. Nxe4 h5 47. g5 f3 48. Rf6 Rf8 49. Rxf8 Bxf8 50. Kc2 Kd7 51. Kd3 Ke6 52. Ke3 Kf5 53. Kxf3 Be7 54. c4 Bf8 55. b3 Be7 56. Ng3+ Kg6 57. Ke4 Bd6 58. Nf5 Bh2 59. Ne3 Bg3 60. Ng2 Bf2 61. Ke5 Bg3+ 62. Nf4+ Kf7 63. Kf5 Bxh4 64. Nxh5 Be1 65. g6+ Kg8 66. Ke6 Bb4 67. Kd6 Ba3 68. Kc6 Bb4 69. Kb6 a4 70. bxa4 a5 71. a3 1-0

[Event "Lueneburg op-A"]
[Site "Lueneburg"]
[Date "2019.08.09"]
[Round "7"]
[White "Ziese, Gerhard"]
[Black "Lau, Felix"]
[Result "1/2-1/2"]
[WhiteElo "1897"]
[BlackElo "2044"]
[PlyCount "120"]
[EventDate "2019.08.03"]
[EventType "swiss"]
[EventRounds "9"]
[EventCountry "GER"]
[SourceTitle "CBM 191 Extra"]
[Source "ChessBase"]
[SourceDate "2019.09.30"]
[SourceVersion "1"]
[SourceVersionDate "2019.09.30"]
[SourceQuality "1"]

1. c4 e5 2. g3 Nf6 3. Bg2 c6 4. d4 exd4 5. Qxd4 Na6 6. Nf3 Bc5 7. Qe5+ Qe7 8. Qxe7+ Kxe7 9. a3 Ne4 10. e3 Bb6 11. b4 Rd8 12. Bb2 f6 13. Nbd2 Nxd2 14. Nxd2 c5 15. b5 Nc7 16. 0-0 d5 17. cxd5 Nxd5 18. Nc4 Bc7 19. Rfd1 Be6 20. Rac1 Rab8 21. h3 Rd7 22. Kh2 Rbd8 23. Bf3 Bb8 24. Kg2 b6 25. g4 Nc7 26. Rxd7+ Rxd7 27. a4 Nd5 28. a5 Bc7 29. axb6 axb6 30. Kf1 Nb4 31. Ba3 Nd3 32. Rc2 Bxc4 33. Rxc4 Ne5 34. Re4 Rd3 35. Bb2 Rb3 36. Bxe5 Bxe5 37. Be2 Rb1+ 38. Kg2 Kd6 39. f4 Bc3 40. Bc4 Rb4 41. Kf3 g6 42. Re6+ Kd7 43. Re4 h6 44. Ke2 Rb2+ 45. Kd3 Ba5 46. Re6 f5 47. gxf5 gxf5 48. e4 Rd2+ 49. Ke3 Rd4 50. Bd5 fxe4 51. Re5 Bd2+ 52. Ke2 Kd6 53. Bc6 Bxf4 54. Rxe4 Rxe4+ 55. Bxe4 Ke5 56. Bg6 Kd4 57. Kd1 Kc4 58. Be8 Kb3 59. Bg6 c4 60. Bf7 Kb4 1/2-1/2

[Event "Lueneburg op-A"]
[Site "Lueneburg"]
[Date "2019.08.06"]
[Round "4"]
[White "Kiesel, Harald"]
[Black "Ziese, Gerhard"]
[Result "1-0"]
[WhiteElo "2023"]
[BlackElo "1897"]
[PlyCount "73"]
[EventDate "2019.08.03"]
[EventType "swiss"]
[EventRounds "9"]
[EventCountry "GER"]
[SourceTitle "CBM 191 Extra"]
[Source "ChessBase"]
[SourceDate "2019.09.30"]
[SourceVersion "1"]
[SourceVersionDate "2019.09.30"]
[SourceQuality "1"]

1. e4 e5 2. Nf3 Nc6 3. Bb5 f5 4. d3 fxe4 5. dxe4 Nf6 6. 0-0 Bc5 7. Bxc6 bxc6 8. Nxe5 0-0 9. Nd2 Qe8 10. Nd3 Bb6 11. e5 Nd5 12. Nc4 Ba6 13. Nxb6 axb6 14. Re1 Qg6 15. a3 Rf7 16. Nb4 Bc4 17. e6 Re7 18. exd7 Rxd7 19. Nd3 Bxd3 20. cxd3 Rad8 21. d4 h6 22. Be3 c5 23. Qb3 cxd4 24. Bxd4 Kh7 25. Be5 Qg4 26. h3 Qg5 27. Qg3 Qxg3 28. Bxg3 Nf6 29. Rac1 c5 30. Re6 Rd1+ 31. Rxd1 Rxd1+ 32. Kh2 Nd5 33. Rd6 b5 34. Be5 g5 35. Rd7+ Kg6 36. g4 h5 37. Rd6+ 1-0

[Event "GER AM05-A email"]
[Site "GER email"]
[Date "2019.06.19"]
[Round "?"]
[White "Ziese, Gerhard"]
[Black "Kraft, Dieter"]
[Result "1/2-1/2"]
[WhiteElo "2488"]
[BlackElo "2488"]
[PlyCount "49"]
[EventDate "2019.??.??"]
[EventType "tourn (corr)"]
[EventRounds "14"]
[EventCountry "GER"]
[SourceTitle "Corr 2022"]
[Source "ChessBase"]
[SourceDate "2021.10.24"]
[SourceVersion "1"]
[SourceVersionDate "2021.10.24"]
[SourceQuality "1"]

1. d4 d5 2. c4 c6 3. Nf3 Nf6 4. Nc3 e6 5. e3 Nbd7 6. Qc2 Bd6 7. Bd3 0-0 8. 0-0 dxc4 9. Bxc4 a6 10. Rd1 b5 11. Be2 Qc7 12. Ne4 Nxe4 13. Qxe4 Bb7 14. Bd3 g6 15. Qh4 c5 16. Ng5 h5 17. Ne4 Bxe4 18. Bxe4 Rac8 19. Bd2 c4 20. Rac1 f5 21. Bb1 Nf6 22. f3 Be7 23. Qe1 Bd6 24. Qh4 Be7 25. Qe1 1/2-1/2

[Event "GER AM05-A email"]
[Site "GER email"]
[Date "2019.06.19"]
[Round "?"]
[White "Ziese, Gerhard"]
[Black "Stein, Kurt W"]
[Result "1/2-1/2"]
[WhiteElo "2488"]
[BlackElo "2528"]
[PlyCount "58"]
[EventDate "2019.??.??"]
[EventType "tourn (corr)"]
[EventRounds "14"]
[EventCountry "GER"]
[SourceTitle "Corr 2022"]
[Source "ChessBase"]
[SourceDate "2021.10.24"]
[SourceVersion "1"]
[SourceVersionDate "2021.10.24"]
[SourceQuality "1"]

1. c4 c5 2. g3 Nc6 3. Bg2 g6 4. Nc3 Bg7 5. a3 e6 6. Rb1 Nge7 7. b4 cxb4 8. axb4 0-0 9. b5 Na5 10. c5 Rb8 11. Ba3 b6 12. Qa4 Bb7 13. Nf3 bxc5 14. Bxc5 d6 15. Be3 Bxc3 16. dxc3 Qc7 17. 0-0 Nd5 18. Bxa7 Nxc3 19. Bxb8 Rxb8 20. Qa3 Nxb1 21. Rxb1 Nc4 22. Qc3 Qc5 23. Ng5 Bxg2 24. Kxg2 Rxb5 25. Ne4 Qc6 26. Rxb5 Qxb5 27. Nf6+ Kh8 28. Ne4+ Kg8 29. Nf6+ Kh8 1/2-1/2

[Event "Berlin Lichtenrade op 14th"]
[Site "Berlin"]
[Date "2018.11.03"]
[Round "8"]
[White "Pueschel, Werner"]
[Black "Ziese, Gerhard"]
[Result "1-0"]
[WhiteElo "2056"]
[BlackElo "1911"]
[PlyCount "33"]
[EventDate "2018.10.27"]
[EventType "swiss"]
[EventRounds "9"]
[EventCountry "GER"]
[SourceTitle "CBM 187 Extra"]
[Source "ChessBase"]
[SourceDate "2018.11.04"]
[SourceVersion "1"]
[SourceVersionDate "2018.11.04"]
[SourceQuality "1"]

1. e4 e5 2. Nf3 Nc6 3. c3 d5 4. Qa4 dxe4 5. Nxe5 Bd7 6. Nxd7 Qxd7 7. Qxe4+ Be7 8. d4 Nf6 9. Qf3 0-0 10. Be2 Rad8 11. 0-0 Rfe8 12. Bf4 Nd5 13. Bg3 Bf6 14. Nd2 g6 15. Bc4 Nce7 16. Bxd5 Nxd5 17. c4 1-0

[Event "Berlin Lichtenrade op 13th"]
[Site "Berlin"]
[Date "2017.10.29"]
[Round "2"]
[White "Ziese, Gerhard"]
[Black "Stigar, Petter"]
[Result "0-1"]
[WhiteElo "1974"]
[BlackElo "2211"]
[PlyCount "96"]
[EventDate "2017.10.28"]
[EventType "swiss"]
[EventRounds "9"]
[EventCountry "GER"]
[SourceTitle "CBM 181 Extra"]
[Source "ChessBase"]
[SourceDate "2017.12.12"]
[SourceVersion "1"]
[SourceVersionDate "2017.12.12"]
[SourceQuality "1"]

1. Nf3 d5 2. c4 e6 3. d4 c6 4. e3 Nf6 5. Nc3 Nbd7 6. Qc2 Bd6 7. Bd3 0-0 8. 0-0 dxc4 9. Bxc4 a6 10. e4 e5 11. d5 Nb6 12. Bb3 cxd5 13. Nxd5 Nbxd5 14. exd5 Bg4 15. Bg5 Bxf3 16. gxf3 h6 17. Bxf6 Qxf6 18. Qe4 Qe7 19. Rfe1 f5 20. Qd3 Qh4 21. f4 Qxf4 22. Rad1 Qg5+ 23. Kh1 e4 24. Qh3 Qf6 25. Re2 Rad8 26. f3 exf3 27. Qxf3 Kh8 28. Qc3 Qxc3 29. bxc3 Rfe8 30. Re6 Rxe6 31. dxe6 Be7 32. Rxd8+ Bxd8 33. Bd5 b6 34. Kg2 g6 35. Kf3 Kg7 36. a4 a5 37. Ke3 Kf6 38. Kd4 Be7 39. Bc4 g5 40. h3 h5 41. Kd5 g4 42. Be2 Kg6 43. hxg4 fxg4 44. Kc6 h4 45. Kd7 Bc5 46. e7 Bxe7 47. Kxe7 h3 48. Bf1 Kh5 0-1

[Event "Lueneburg op-A"]
[Site "Lueneburg"]
[Date "2017.07.11"]
[Round "4"]
[White "Weinrich, Herbert"]
[Black "Ziese, Gerhard"]
[Result "0-1"]
[WhiteElo "1953"]
[BlackElo "2013"]
[PlyCount "88"]
[EventDate "2017.07.08"]
[EventType "swiss"]
[EventRounds "9"]
[EventCountry "GER"]
[SourceTitle "CBM 179 Extra"]
[Source "ChessBase"]
[SourceDate "2017.08.23"]
[SourceVersion "1"]
[SourceVersionDate "2017.08.23"]
[SourceQuality "1"]

1. d4 Nf6 2. c4 c5 3. d5 b5 4. cxb5 a6 5. f3 axb5 6. e4 d6 7. Bxb5+ Bd7 8. Bxd7+ Nbxd7 9. Nc3 g6 10. Nge2 Bg7 11. Be3 0-0 12. 0-0 Qa5 13. a4 Rfb8 14. Nb5 Ne5 15. Qc2 Ne8 16. Nec3 Nc7 17. Nxc7 Qxc7 18. Nb5 Qb6 19. Rab1 Qa5 20. b3 c4 21. bxc4 Rc8 22. Rfc1 Rxc4 23. Qxc4 Nxc4 24. Rxc4 h5 25. Nc7 Rc8 26. Bb6 Qd2 27. a5 Bc3 28. Rc6 Bxa5 29. Bxa5 Qxa5 30. Rbc1 Rb8 31. R6c2 Qb6+ 32. Kh1 Qe3 33. h3 Rb2 34. Kh2 Qf4+ 35. Kh1 h4 36. Kg1 Kh7 37. Kh1 Kh6 38. Kg1 Kg5 39. Kh1 Qe5 40. Kg1 Kf4 41. Kh2 Qd4 42. Rxb2 Qxb2 43. Rc6 Ke3 44. Kg1 Qb1+ 0-1

[Event "Lueneburg op-A"]
[Site "Lueneburg"]
[Date "2017.07.09"]
[Round "2"]
[White "Simon, Tessa"]
[Black "Ziese, Gerhard"]
[Result "1-0"]
[WhiteElo "1776"]
[BlackElo "2013"]
[PlyCount "67"]
[EventDate "2017.07.08"]
[EventType "swiss"]
[EventRounds "9"]
[EventCountry "GER"]
[SourceTitle "CBM 179 Extra"]
[Source "ChessBase"]
[SourceDate "2017.08.23"]
[SourceVersion "1"]
[SourceVersionDate "2017.08.23"]
[SourceQuality "1"]

1. e4 e5 2. Nf3 Nc6 3. Bb5 f5 4. Nc3 fxe4 5. Nxe4 d5 6. Nxe5 dxe4 7. Nxc6 Qg5 8. Qe2 Nf6 9. f4 Qxf4 10. Nxa7+ Kd8 11. Nxc8 Kxc8 12. d4 Qh4+ 13. g3 Qh3 14. Bg5 Bd6 15. Bxf6 Bxg3+ 16. Kd1 gxf6 17. Qxe4 Bd6 18. Re1 Qh5+ 19. Be2 Qf7 20. Bf3 c6 21. Qf5+ Kc7 22. Re6 Rhf8 23. Bg4 Rad8 24. a4 Be5 25. c3 c5 26. Rxe5 fxe5 27. Qxe5+ Rd6 28. Qxc5+ Rc6 29. Qe5+ Kb6 30. Qb5+ Ka7 31. Be2 Qf2 32. Ra3 Re8 33. Rb3 Re7 34. Qa5+ 1-0

[Event "Leipzig VfB op 24th"]
[Site "Leipzig"]
[Date "2017.03.23"]
[Round "5"]
[White "Ziese, Gerhard"]
[Black "Stumbries, Lars"]
[Result "0-1"]
[WhiteElo "2012"]
[BlackElo "1949"]
[PlyCount "124"]
[EventDate "2017.03.21"]
[EventType "swiss"]
[EventRounds "9"]
[EventCountry "GER"]
[SourceTitle "EXT 2018"]
[Source "ChessBase"]
[SourceDate "2017.10.13"]
[SourceVersion "1"]
[SourceVersionDate "2017.10.13"]
[SourceQuality "1"]

1. c4 e5 2. g3 Bc5 3. Bg2 Nf6 4. e3 0-0 5. Ne2 d5 6. cxd5 Nxd5 7. 0-0 Nb4 8. d4 exd4 9. exd4 Bb6 10. Nbc3 c6 11. Be3 Bf5 12. a3 Nc2 13. Rc1 Nxe3 14. fxe3 Qg5 15. Nf4 Bg6 16. Kh1 Nd7 17. Qf3 Nf6 18. Rcd1 Rfe8 19. Nxg6 Qxg6 20. e4 Rad8 21. e5 Ng4 22. Qf4 Qh5 23. h3 Nh6 24. Kh2 g5 25. Qe4 f5 26. Qe2 Qxe2 27. Nxe2 Kg7 28. Bf3 Kg6 29. Rfe1 Ng8 30. g4 f4 31. Be4+ Kg7 32. Kg2 Ne7 33. Rd3 Nd5 34. Bxd5 Rxd5 35. Red1 Red8 36. Kf3 c5 37. Ke4 cxd4 38. Ng1 Rb5 39. b4 h6 40. Nf3 a5 41. bxa5 Bc7 42. h4 Rxa5 43. hxg5 hxg5 44. Rh1 Bxe5 45. Nxe5 Re8 46. Kxd4 Rexe5 47. Kc4 Rac5+ 48. Kb3 Re3 49. Rh3 Rce5 50. Kc3 b5 51. Kd2 Re2+ 52. Kc3 Kg6 53. Rd6+ Re6 54. Rd5 Rg2 55. Rhd3 Rxg4 56. Rxb5 Rf6 57. Rb4 Rg2 58. a4 f3 59. Rd1 f2 60. Rf1 Rg1 61. Rbb1 Rxf1 62. Rxf1 g4 0-1

[Event "Leipzig VfB op 24th"]
[Site "Leipzig"]
[Date "2017.03.22"]
[Round "2"]
[White "Vogel, Christian"]
[Black "Ziese, Gerhard"]
[Result "0-1"]
[WhiteElo "1314"]
[BlackElo "2012"]
[PlyCount "58"]
[EventDate "2017.03.21"]
[EventType "swiss"]
[EventRounds "9"]
[EventCountry "GER"]
[SourceTitle "EXT 2018"]
[Source "ChessBase"]
[SourceDate "2017.10.13"]
[SourceVersion "1"]
[SourceVersionDate "2017.10.13"]
[SourceQuality "1"]

1. e4 e5 2. Nf3 Nc6 3. d4 exd4 4. Nxd4 Nf6 5. Nxc6 bxc6 6. Nc3 d5 7. Bg5 Be7 8. e5 Ng4 9. Bxe7 Qxe7 10. f4 0-0 11. Qe2 Qb4 12. Qd2 f6 13. h3 Nh6 14. 0-0-0 fxe5 15. fxe5 Re8 16. Ne4 Qxe4 17. Bd3 Qh4 18. Rhf1 Bd7 19. Rf4 Qe7 20. Rdf1 Rf8 21. g3 Bxh3 22. Rh1 Qe6 23. Rh4 Bf5 24. Rxh6 gxh6 25. Rxh6 Qxe5 26. Rh5 Qe6 27. Rh6 Rf6 28. Qg5+ Bg6 29. b3 Re8 0-1